[Event "Xtracon Chess Open 2016"]
[Site "Helsingor DEN"]
[Date "2016.07.24"]
[Round "2.169"]
[White "Sather, Lars"]
[Black "Hestholm, Sverre"]
[Result "0-1"]
[WhiteElo "1799"]
[BlackElo "1418"]
[WhiteFideId "1501712"]
[BlackFideId "1529161"]
[EventDate "2016.07.23"]

1. e4 e5 2. Bc4 Nf6 3. Nc3 Nxe4 4. Bxf7+ Kxf7 5. Nxe4 d5 6. Nc3 Be6 7. Qh5+ g6
8. Qxe5 Bd6 9. Qe3 Re8 10. Nce2 Nc6 11. c3 Kg7 12. d4 Bf5 13. Qh6+ Kg8 14. Bg5
Qd7 15. O-O-O Re4 16. f3 Bf8 17. fxe4 Bxh6 18. exf5 Bxg5+ 19. Kb1 Qxf5+ 20. Ka1
Qf2 21. Ng3 Qxg2 22. N1e2 Be3 23. h4 Rf8 24. h5 Rf3 25. hxg6 hxg6 26. Rhe1 Rxg3
27. Nxg3 Qxg3 28. Re2 Ne7 29. a3 g5 30. Rh1 Nf5 31. Rf1 Qh3 32. Ree1 Kg7 33. Rh1
Qg2 34. Ka2 Ng3 35. Rhg1 Qxg1 36. Rxg1 Bxg1 0-1

[Event "Xtracon Chess Open 2016"]
[Site "Helsingor DEN"]
[Date "2016.07.24"]
[Round "2.170"]
[White "Hein, Jacob"]
[Black "Satre, Roger"]
[Result "0-1"]
[WhiteElo "1447"]
[BlackElo "1797"]
[WhiteFideId "1402870"]
[BlackFideId "1510320"]
[EventDate "2016.07.23"]

1. c4 e5 2. Nc3 Nc6 3. e3 g6 4. Nge2 Bg7 5. d4 d6 6. Ng3 exd4 7. Nb5 dxe3 8.
fxe3 Nge7 9. Bd3 Ne5 10. O-O O-O 11. Qb3 N7c6 12. Bd2 Nxd3 13. Qxd3 Bxb2 14.
Rad1 Bg7 15. Rf2 Be6 16. Nd4 Ne5 17. Nxe6 Nxd3 18. Rxf7 Rxf7 19. Nxd8 Rxd8 20.
Ne4 Bh6 21. g4 Re8 22. g5 Rxe4 23. gxh6 Nb2 24. Rb1 Nxc4 25. Bc3 Nxe3 26. Re1
Rg4+ 27. Kh1 Rf1+ 28. Rxf1 Nxf1 29. Bg7 c5 0-1

[Event "Xtracon Chess Open 2016"]
[Site "Helsingor DEN"]
[Date "2016.07.24"]
[Round "2.171"]
[White "Zakariassen, Tom"]
[Black "Kvaloy, Ola"]
[Result "1-0"]
[WhiteElo "1797"]
[BlackElo "1408"]
[WhiteFideId "1513753"]
[BlackFideId "1528823"]
[EventDate "2016.07.23"]

1. f4 f5 2. Nf3 Nf6 3. b3 b6 4. Bb2 Bb7 5. e3 e6 6. d4 Be7 7. Bd3 O-O 8. Nbd2 c5
9. Qe2 Ne4 10. O-O Rf6 11. dxc5 Rh6 12. cxb6 axb6 13. a4 Bh4 14. Bxe4 fxe4 15.
Nxh4 Qxh4 16. g3 Qh3 17. Qg2 Qh5 18. Bd4 Ra6 19. Nc4 Nc6 20. Bc3 Ne7 21. Rad1 d5
22. Nd6 Bc6 23. Rd2 Ng6 24. Qe2 Qxe2 25. Rxe2 Ra8 26. f5 Ne7 27. fxe6 Rxe6 28.
Nf5 Nxf5 29. Rxf5 b5 30. a5 Rd6 31. b4 Rc8 32. Bd4 Bd7 33. Re5 Bg4 34. Rf2 Bf3
35. Re7 Kf8 36. Rxg7 h5 37. Rh7 Re8 38. Rh8+ Kf7 39. Rxe8 Kxe8 40. c3 Rg6 41.
Kf1 Kd7 42. Ke1 Kc8 43. Be5 Kb7 44. Rd2 Kc6 45. a6 Rg8 46. a7 Ra8 47. Bb8 Bh1
48. Rf2 Bf3 49. Rxf3 exf3 50. Kf2 Kd7 51. Kxf3 Ke6 52. Kf4 Kf6 53. h3 Kg6 54.
Ke5 Kg5 55. Kxd5 Kf5 56. e4+ 1-0

[Event "Xtracon Chess Open 2016"]
[Site "Helsingor DEN"]
[Date "2016.07.24"]
[Round "2.172"]
[White "Eldor, Finn"]
[Black "Dittrich, Hans-Georg"]
[Result "0-1"]
[WhiteElo "1428"]
[BlackElo "1795"]
[WhiteFideId "1453700"]
[BlackFideId "12923591"]
[EventDate "2016.07.23"]

1. d4 c5 2. c3 Qa5 3. Bd2 Nf6 4. Qc2 Nc6 5. Nf3 g6 6. e4 d5 7. exd5 Nxd5 8. c4
Ndb4 9. Bxb4 Nxb4 10. Qd2 Nc2+ 11. Kd1 Qxd2+ 12. Nbxd2 Nxa1 13. d5 Bf5 14. Ne1
Bg7 15. Kc1 e6 16. Bd3 O-O-O 17. Bxf5 gxf5 18. dxe6 fxe6 19. Nef3 Bh6 20. Rd1
Rd6 21. Kb1 Rhd8 22. Kxa1 Bxd2 23. a3 Bf4 24. Re1 Rd1+ 25. Rxd1 Rxd1+ 26. Ka2
Bxh2 27. Nxh2 Rd2 28. Nf3 Rxf2 29. Ng5 Kd7 30. Nxh7 Rxg2 0-1

[Event "Xtracon Chess Open 2016"]
[Site "Helsingor DEN"]
[Date "2016.07.24"]
[Round "2.173"]
[White "Kharraziha, Hamid"]
[Black "Winther, Bjarke Rosenborg"]
[Result "1-0"]
[WhiteElo "1427"]
[BlackElo "1786"]
[WhiteFideId "1726862"]
[BlackFideId "1447173"]
[EventDate "2016.07.23"]

1. e4 c5 2. Nf3 d6 3. d4 cxd4 4. Nxd4 Nf6 5. Nc3 a6 6. Be3 e5 7. Nf3 Be7 8. h3
Nbd7 9. Bc4 b5 10. Bd5 Rb8 11. Ba7 Nxd5 12. Nxd5 Rb7 13. Be3 Nc5 14. Nxe7 Qxe7
15. Bxc5 dxc5 16. Qd5 Rd7 17. Qb3 O-O 18. O-O Rfd8 19. Qc3 f6 20. a4 b4 21. Qc4+
Kh8 22. a5 Bb7 23. c3 bxc3 24. bxc3 Qd6 25. Rab1 Rc8 26. Rb6 Rc6 27. Rxc6 Qxc6
28. Re1 h6 29. Nh4 Qc7 30. Ng6+ 1-0

[Event "Xtracon Chess Open 2016"]
[Site "Helsingor DEN"]
[Date "2016.07.24"]
[Round "2.174"]
[White "Arbeus, Carl-Johan"]
[Black "Thybo, Jan"]
[Result "1-0"]
[WhiteElo "1784"]
[BlackElo "1382"]
[WhiteFideId "1707817"]
[BlackFideId "1438824"]
[EventDate "2016.07.23"]

1. c4 Nf6 2. Nc3 g6 3. e4 d6 4. d4 Bg7 5. Bg5 h6 6. Bxf6 Bxf6 7. f4 Nd7 8. e5
dxe5 9. fxe5 Bg7 10. c5 O-O 11. Nf3 f5 12. Bc4+ Kh7 13. O-O a6 14. a4 f4 15. e6
Nf6 16. Ne5 c6 17. Rxf4 Qc7 18. Qd3 1-0

[Event "Xtracon Chess Open 2016"]
[Site "Helsingor DEN"]
[Date "2016.07.24"]
[Round "2.175"]
[White "Tjora, Alexander"]
[Black "Pedersen, Carl Aage"]
[Result "0-1"]
[WhiteElo "1411"]
[BlackElo "1781"]
[WhiteFideId "1528203"]
[BlackFideId "1417614"]
[EventDate "2016.07.23"]

1. d4 d5 2. c4 e6 3. Nc3 Nf6 4. cxd5 exd5 5. Bg5 c6 6. Qc2 Be7 7. e3 O-O 8. Bd3
h6 9. Bh4 Re8 10. Rc1 Ne4 11. Bxe7 Qxe7 12. Nge2 Bf5 13. O-O Qf6 14. Nf4 Nd6 15.
Ncxd5 cxd5 16. Nxd5 Qg6 17. Bxf5 Nxf5 18. Qb3 Nh4 19. g3 Nf3+ 20. Kg2 Qe4 21.
Qxb7 Ne1+ 22. Kh3 Qg2+ 23. Kg4 Qf3+ 24. Kh3 Qh5# 0-1

[Event "Xtracon Chess Open 2016"]
[Site "Helsingor DEN"]
[Date "2016.07.24"]
[Round "2.176"]
[White "Nielsen, Kai Gylling"]
[Black "Hviid, Hans Henrik"]
[Result "1-0"]
[WhiteElo "1780"]
[BlackElo "1367"]
[WhiteFideId "1406400"]
[BlackFideId "1425374"]
[EventDate "2016.07.23"]

1. c4 Nf6 2. Nf3 d5 3. cxd5 Nxd5 4. e4 Nf4 5. d4 Ng6 6. Bc4 e6 7. Nc3 Bb4 8. O-O
O-O 9. Ne2 c6 10. a3 Be7 11. Be3 Nd7 12. Rc1 b5 13. Ba2 Bb7 14. Bb1 Nf6 15. Ng3
Rc8 16. b4 Ng4 17. h3 Nxe3 18. fxe3 Nh4 19. e5 Nxf3+ 20. Qxf3 c5 21. Qxb7 Rc7
22. Qe4 cxb4 23. Qxh7# 1-0

[Event "Xtracon Chess Open 2016"]
[Site "Helsingor DEN"]
[Date "2016.07.24"]
[Round "2.177"]
[White "Gottschalck, Christian"]
[Black "Nielsen, Bent K."]
[Result "1-0"]
[WhiteElo "1778"]
[BlackElo "1349"]
[WhiteFideId "1428357"]
[BlackFideId "1450492"]
[EventDate "2016.07.23"]

1. e4 Nf6 2. Nc3 e6 3. d4 d6 4. Nf3 g6 5. Be2 Bg7 6. h3 O-O 7. Be3 a6 8. Qd2 c5
9. dxc5 dxc5 10. Bxc5 Qxd2+ 11. Nxd2 Rd8 12. O-O-O Nc6 13. Nf3 Nd7 14. Bd4 Nxd4
15. Nxd4 e5 16. Nb3 b5 17. Na5 Rf8 18. f3 Nc5 19. Nd5 Be6 20. Nc6 Kh8 21. Kb1
Bxd5 22. Rxd5 Na4 23. Rhd1 f6 24. Rd8 Rc8 25. Rxc8 Rxc8 26. Rd8+ Rxd8 27. Nxd8
Nb6 28. Ne6 Bh6 29. Nc7 1-0

[Event "Xtracon Chess Open 2016"]
[Site "Helsingor DEN"]
[Date "2016.07.24"]
[Round "2.178"]
[White "Frederiksen, Jacob"]
[Black "Nielsen, Palle"]
[Result "0-1"]
[WhiteElo "1382"]
[BlackElo "1778"]
[WhiteFideId "1437119"]
[BlackFideId "1408526"]
[EventDate "2016.07.23"]

1. e4 e5 2. Nf3 Nc6 3. d4 d6 4. dxe5 Bg4 5. e6 Bxe6 6. Nc3 Nf6 7. Bg5 Be7 8. Qd2
O-O 9. Bd3 Nb4 10. O-O Nxd3 11. cxd3 c6 12. Nd4 Bd7 13. f4 Qb6 14. Qf2 Ng4 15.
Na4 Qb4 16. Qh4 Qxd4+ 17. Kh1 Bxg5 18. fxg5 Qxa4 19. Rf3 Ne5 20. Rf6 gxf6 21.
gxf6 Kh8 0-1

[Event "Xtracon Chess Open 2016"]
[Site "Helsingor DEN"]
[Date "2016.07.24"]
[Round "2.179"]
[White "Overmark, Ole"]
[Black "Palozza, Flavio"]
[Result "0-1"]
[WhiteElo "1775"]
[BlackElo "1342"]
[WhiteFideId "1410776"]
[BlackFideId "2815740"]
[EventDate "2016.07.23"]

1. e4 g6 2. d4 Bg7 3. Nf3 c6 4. Nc3 d5 5. e5 Bg4 6. h3 Bxf3 7. Qxf3 Nh6 8. Bd3
Qb6 9. Ne2 O-O 10. O-O Nd7 11. c4 e6 12. c5 Qc7 13. Bg5 Rfe8 14. g4 Kh8 15. Qe3
Ng8 16. f4 f6 17. Bh4 b6 18. b4 f5 19. gxf5 gxf5 20. Kh1 Nf8 21. Rg1 Ng6 22. Bf2
a5 23. a3 axb4 24. axb4 b5 25. Qf3 Ra7 26. Qh5 Rxa1 27. Rxa1 Rf8 28. Qf3 Rb8 29.
h4 Nh6 30. h5 Ne7 31. Bh4 Neg8 32. Qh3 Ng4 33. Be1 Rb7 34. Qf1 Qf7 35. Ng3 Ra7
36. Ra5 N8h6 37. Qg1 Rc7 38. Be2 Rc8 39. Bd2 Rg8 40. Kg2 Bf8 41. Bf3 Be7 42. Qh1
Qg7 43. Qh3 Bd8 44. Ra3 Be7 45. Be2 Nf7 46. Kf1 Qh6 47. Ra7 Qf8 48. Ke1 Nfh6 49.
Rc7 Qd8 50. Rxc6 Bh4 51. Kd1 Bxg3 52. Qxg3 Nxe5 53. Qxg8+ Qxg8 54. fxe5 Qg1+ 55.
Kc2 Ng4 56. Rxe6 Qxd4 57. Re8+ Kg7 58. e6 Qe4+ 59. Bd3 Ne3+ 60. Bxe3 Qxe3 61.
Bxb5 Qe4+ 62. Bd3 Qxb4 63. Rc8 Qa4+ 64. Kc3 d4+ 65. Kd2 Qa2+ 66. Kc1 Qxe6 67.
Rc7+ Kh6 68. Bb5 Qe1+ 69. Kc2 Qc3+ 70. Kd1 Qb3+ 0-1

[Event "Xtracon Chess Open 2016"]
[Site "Helsingor DEN"]
[Date "2016.07.24"]
[Round "2.180"]
[White "Hina, Ariza"]
[Black "Kalveus, Jan"]
[Result "0-1"]
[WhiteElo "1370"]
[BlackElo "1773"]
[WhiteFideId "1525441"]
[BlackFideId "1721682"]
[EventDate "2016.07.23"]

1. e4 e6 2. d4 d5 3. e5 c5 4. c3 Nc6 5. Nf3 Qb6 6. Bd3 Bd7 7. Bc2 Rc8 8. O-O
cxd4 9. cxd4 Nb4 10. Nc3 Nxc2 11. Qxc2 Ne7 12. Rd1 Nf5 13. Qd2 Bb4 14. a3 Qa5
15. Qe1 Bxc3 16. bxc3 Ba4 17. Rd2 Qxc3 18. Bb2 Qa5 19. Qe2 O-O 20. Rb1 Rc7 21.
h3 Rfc8 22. Qd3 Qb5 23. Qxb5 Bxb5 24. Ba1 Ba4 25. Rdb2 b5 26. Re1 Rc2 27. Reb1
Kf8 28. Ne1 Rc1 29. Kf1 R8c4 30. Ke2 Nxd4+ 31. Kd2 Rxb1 32. Rxb1 Nb3+ 33. Kd3
Nxa1 34. Rxa1 Ke7 35. Nf3 Bc2+ 36. Ke3 h6 37. Nd2 Rc7 38. Rc1 Kd7 39. Nf3 Ba4
40. Rb1 Rc3+ 41. Kd2 0-1

[Event "Xtracon Chess Open 2016"]
[Site "Helsingor DEN"]
[Date "2016.07.24"]
[Round "2.181"]
[White "Rendlev, Niels Moller"]
[Black "Cithu, Arjun Vijay"]
[Result "1-0"]
[WhiteElo "1771"]
[BlackElo "1330"]
[WhiteFideId "1409042"]
[BlackFideId "1528742"]
[EventDate "2016.07.23"]

1. g3 d5 2. f4 Nf6 3. Bg2 c5 4. d3 Nc6 5. Nf3 e6 6. Nc3 d4 7. Ne4 Nxe4 8. dxe4
Be7 9. e3 O-O 10. O-O f6 11. Qe2 Kh8 12. h3 e5 13. f5 a6 14. Nh4 Qe8 15. Bf3 Nd8
16. Bh5 Nf7 17. Ng6+ hxg6 18. Bxg6 Qd7 19. exd4 Qxd4+ 20. Be3 Qxe4 21. Qh5+ Nh6
22. Bxh6 Qd4+ 23. Be3+ 1-0

[Event "Xtracon Chess Open 2016"]
[Site "Helsingor DEN"]
[Date "2016.07.24"]
[Round "2.182"]
[White "Jacobsen, Harald Kittel Lytomt"]
[Black "Andersen, Claus Nis"]
[Result "0-1"]
[WhiteElo "1343"]
[BlackElo "1766"]
[WhiteFideId "1533460"]
[BlackFideId "1415735"]
[EventDate "2016.07.23"]

1. e4 e5 2. Nf3 Nf6 3. Nxe5 d6 4. Nf3 Nxe4 5. Qe2 Qe7 6. d3 Nf6 7. Be3 Be6 8.
Ng5 Nbd7 9. Nxe6 Qxe6 10. g3 c6 11. Bg2 d5 12. O-O d4 13. Bh3 Qe5 14. Bxd7+ Kxd7
15. f4 Qxe3+ 16. Qxe3 dxe3 17. Nc3 Bc5 18. d4 Bxd4 19. Rad1 c5 20. Ne2 Kc6 21.
Nxd4+ cxd4 22. Rxd4 Rad8 23. Rc4+ Kb6 24. a4 Rc8 25. Rb4+ Kc7 26. c4 Rhd8 27.
Re1 Rd3 28. Kf1 Re8 29. Rb5 Rd2 30. Rc5+ Kb8 31. b4 e2+ 32. Rxe2 Rexe2 33. b5
Rxh2 34. a5 Rh1# 0-1

[Event "Xtracon Chess Open 2016"]
[Site "Helsingor DEN"]
[Date "2016.07.24"]
[Round "2.183"]
[White "Fjellengen, Bard"]
[Black "Svane, Freja"]
[Result "1-0"]
[WhiteElo "1764"]
[BlackElo "1302"]
[WhiteFideId "1506676"]
[BlackFideId "12940100"]
[EventDate "2016.07.23"]

1. e4 e6 2. f4 Bc5 3. d4 Bb6 4. Nf3 Ne7 5. c4 Ba5+ 6. Bd2 Bxd2+ 7. Qxd2 c6 8.
Nc3 d5 9. cxd5 cxd5 10. e5 Nbc6 11. Nb5 O-O 12. Nd6 Qc7 13. Rc1 Bd7 14. b4 Qb6
15. b5 Na5 16. Bd3 Nc8 17. Ng5 h6 18. Bh7+ Kh8 19. Ndxf7+ Rxf7 20. Nxf7+ Kxh7
21. Qd3+ Kg8 22. Nxh6+ gxh6 23. Qg6+ Kf8 24. Qxh6+ Ke8 25. Qg6+ Kd8 26. Qg8+ Be8
27. Rc5 Nc4 28. O-O Ne7 29. Qf8 Kd7 30. f5 Nxf5 31. Rxf5 exf5 32. Qxf5+ Qe6 33.
Rc7+ Kxc7 34. Qxe6 Bxb5 35. Qxd5 a6 36. a4 Ne3 37. Qc5+ Bc6 38. d5 Nxd5 39. h4
Rg8 40. Kh2 Nf4 41. g3 Nd5 42. a5 Re8 43. Qd4 Re6 44. h5 Re8 45. g4 Rf8 46. Qc5
Re8 47. Qd6+ Kc8 48. h6 Nf4 49. Kg3 Nd5 50. h7 Rh8 51. Qh6 Nf6 52. exf6 Be4 53.
f7 Bxh7 54. f8=Q+ Rxf8 55. Qxf8+ 1-0

[Event "Xtracon Chess Open 2016"]
[Site "Helsingor DEN"]
[Date "2016.07.24"]
[Round "2.184"]
[White "Amarapala, Sheroni"]
[Black "Sebastian, Andreas"]
[Result "1-0"]
[WhiteElo "1330"]
[BlackElo "1754"]
[WhiteFideId "1518585"]
[BlackFideId "1529498"]
[EventDate "2016.07.23"]

1. e4 c5 2. Nf3 g6 3. d4 cxd4 4. Nxd4 Nc6 5. Nc3 Bg7 6. Nf3 Nf6 7. Bc4 O-O 8.
Bf4 a6 9. a4 d6 10. h3 Bd7 11. O-O Rc8 12. Qd2 Ne5 13. Be2 Nc4 14. Bxc4 Rxc4 15.
e5 dxe5 16. Nxe5 Rc8 17. Bh6 Bxh6 18. Qxh6 Bf5 19. Rfc1 Qb6 20. Rab1 Rfd8 21.
Nf3 Ne4 22. Nxe4 Bxe4 23. Ng5 1-0

[Event "Xtracon Chess Open 2016"]
[Site "Helsingor DEN"]
[Date "2016.07.24"]
[Round "2.185"]
[White "Larsen, Hans Haagen"]
[Black "Christoffersen, Micki Aron"]
[Result "1-0"]
[WhiteElo "1752"]
[BlackElo "1263"]
[WhiteFideId "1409557"]
[BlackFideId "1454021"]
[EventDate "2016.07.23"]

1. d4 d5 2. Bf4 Nf6 3. e3 e6 4. Nf3 Nbd7 5. Be2 Be7 6. h3 O-O 7. c3 b6 8. Nbd2
Bb7 9. O-O c5 10. a4 Ne4 11. a5 Nxd2 12. Nxd2 bxa5 13. Qa4 Bc6 14. Bb5 Bxb5 15.
Qxb5 f6 16. Qxa5 Qxa5 17. Rxa5 e5 18. Bg3 Rfc8 19. Rfa1 Rc7 20. Nf3 Rb7 21. dxe5
fxe5 22. Bxe5 Nxe5 23. Nxe5 Bf6 24. Nd3 d4 25. Nxc5 Rb6 26. cxd4 Rxb2 27. Rxa7
Rxa7 28. Rxa7 Rb8 29. Nd7 Rd8 30. Nxf6+ gxf6 31. Kh2 Rf8 32. Kg3 Rd8 33. Kf4 Rd5
34. g4 h6 35. Ke4 Rd8 36. Kf5 Rf8 37. Kg6 Kh8 38. Rf7 Rg8+ 39. Kxh6 Re8 40. Rxf6
Kg8 41. d5 Rd8 42. d6 Rd7 43. Kg5 Rb7 44. e4 Rd7 45. e5 1-0

[Event "Xtracon Chess Open 2016"]
[Site "Helsingor DEN"]
[Date "2016.07.24"]
[Round "2.186"]
[White "Jacobsen, Stig Jerlow"]
[Black "Maselli, Daniel"]
[Result "0-1"]
[WhiteElo "1322"]
[BlackElo "1751"]
[WhiteFideId "1519816"]
[BlackFideId "2814140"]
[EventDate "2016.07.23"]

1. e4 c5 2. Nf3 d6 3. d4 cxd4 4. Nxd4 Nf6 5. Nc3 g6 6. Bc4 Bg7 7. f4 O-O 8. Nf3
Qa5 9. O-O Qc5+ 10. Qd4 Nxe4 11. Qxc5 Nxc5 12. Nd5 Nc6 13. c3 Be6 14. Re1 Bxd5
15. Bxd5 e6 16. Bxc6 bxc6 17. Rd1 d5 18. Ne5 Bxe5 19. fxe5 Rab8 20. Rf1 Nd3 0-1

[Event "Xtracon Chess Open 2016"]
[Site "Helsingor DEN"]
[Date "2016.07.24"]
[Round "2.187"]
[White "Nielsen, Leo"]
[Black "Schjolin, John"]
[Result "1-0"]
[WhiteElo "1749"]
[BlackElo "1201"]
[WhiteFideId "1426095"]
[BlackFideId "1439413"]
[EventDate "2016.07.23"]

1. e4 e5 2. Bc4 Nf6 3. Nc3 Bc5 4. Nf3 d6 5. d4 exd4 6. Nxd4 O-O 7. O-O Nc6 8.
Nxc6 bxc6 9. Bg5 Qe7 10. Qf3 Qe5 11. Bxf6 Qxf6 12. Qxf6 gxf6 13. Ne2 Be6 14. Bd3
Rab8 15. b3 d5 16. Kh1 Bd6 17. f4 Kh8 18. Ng3 Bg4 19. h3 Bd7 20. Nh5 Be7 21.
Rad1 Rbd8 22. Rfe1 Rfe8 23. c4 Bc8 24. cxd5 cxd5 25. exd5 Rxd5 26. Nxf6 Rdd8 27.
Nxe8 Rxe8 28. Bb5 Rd8 29. Rxd8+ 1-0

[Event "Xtracon Chess Open 2016"]
[Site "Helsingor DEN"]
[Date "2016.07.24"]
[Round "2.188"]
[White "Kreken, Eivind Grunt"]
[Black "Norevall, Ulf"]
[Result "0-1"]
[WhiteElo "1245"]
[BlackElo "1749"]
[WhiteFideId "1532359"]
[BlackFideId "1705555"]
[EventDate "2016.07.23"]

1. c4 f5 2. Nc3 Nf6 3. g3 c6 4. Bg2 d6 5. d3 g6 6. e3 Bg7 7. Nge2 e5 8. d4 O-O
9. d5 c5 10. O-O Na6 11. a3 Bd7 12. Rb1 Nc7 13. b4 b6 14. bxc5 bxc5 15. Qc2 Rb8
16. Bd2 Qe7 17. h3 Rfc8 18. Rxb8 Rxb8 19. Rb1 Qe8 20. a4 a6 21. a5 Na8 22. Kh2
h5 23. Rb2 Qc8 24. Qb1 Rxb2 25. Qxb2 Bf8 26. f4 Kf7 27. fxe5 dxe5 28. Ng1 Bd6
29. e4 Qb8 30. Qxb8 Bxb8 31. Bg5 Bd6 32. Bxf6 Kxf6 33. exf5 gxf5 34. h4 Bc7 35.
d6 Bxa5 36. Na4 Bxa4 37. Bxa8 Bd8 38. Bd5 Bd1 39. Nh3 a5 40. Bc6 a4 41. Bxa4
Bxa4 0-1

[Event "Xtracon Chess Open 2016"]
[Site "Helsingor DEN"]
[Date "2016.07.24"]
[Round "2.189"]
[White "Nielsen, Angelo"]
[Black "Huse, Lars Paul"]
[Result "1-0"]
[WhiteElo "1747"]
[BlackElo "1121"]
[WhiteFideId "1442589"]
[BlackFideId "1526537"]
[EventDate "2016.07.23"]

1. d4 d5 2. Nf3 Nf6 3. Bf4 e6 4. e3 Bd6 5. Bd3 Bxf4 6. exf4 O-O 7. Nbd2 Nc6 8.
c3 h6 9. Ne5 Qe8 10. Qc2 g6 11. O-O-O h5 12. f3 b6 13. h4 Ne7 14. g4 c5 15. Rdg1
cxd4 16. Nxg6 fxg6 17. gxh5 Nxh5 18. Bxg6 Nxg6 19. Rxg6+ Kf7 20. Rhg1 Bd7 21.
R1g5 Nxf4 22. Rg7+ Kf6 23. Ne4+ dxe4 24. Qxe4 e5 25. Qh7 Ke6 26. cxd4 Rc8+ 27.
Kd2 exd4 28. Qe4+ Kd6 29. Qxd4+ Kc7 30. Re5 Ne6 31. Qd5 Rf7 32. Rg4 Kd8 33. Rg6
Rc5 34. Qa8+ Ke7 35. Rgxe6+ Bxe6 36. Rxe6+ Kxe6 37. Qxe8+ Kf6 38. Qh8+ Ke7 39.
Qd4 Rf8 40. Qg7+ Rf7 41. Qg4 Rff5 42. f4 Kf6 43. Ke3 Rc2 44. Qd1 Rxb2 45. Qd4+ 1-0

[Event "Xtracon Chess Open 2016"]
[Site "Helsingor DEN"]
[Date "2016.07.24"]
[Round "2.190"]
[White "Huse, Arne Kjelsbol"]
[Black "Pedersen, Kim Michael"]
[Result "0-1"]
[WhiteElo "1163"]
[BlackElo "1745"]
[WhiteFideId "1520709"]
[BlackFideId "1441400"]
[EventDate "2016.07.23"]

1. e4 e5 2. Nf3 Nc6 3. Bb5 d6 4. Nc3 Bd7 5. d3 Nf6 6. Bg5 Be7 7. O-O O-O 8. Re1
Bg4 9. Bxc6 bxc6 10. h3 Bd7 11. Rb1 h6 12. Be3 Nh7 13. Ne2 f5 14. exf5 Bxf5 15.
Ng3 Be6 16. b3 Qd7 17. Qd2 Bxh3 18. Nxe5 dxe5 19. gxh3 Qxh3 20. d4 Rad8 21. Qe2
Bg5 22. Ne4 Bf4 23. Bxf4 Rxf4 24. dxe5 Ng5 25. Qc4+ Kh8 26. Qxc6 Nf3# 0-1

[Event "Xtracon Chess Open 2016"]
[Site "Helsingor DEN"]
[Date "2016.07.24"]
[Round "2.191"]
[White "Bennett, Owen"]
[Black "Hestholm, Gustav"]
[Result "1-0"]
[WhiteElo "1741"]
[BlackElo "1055"]
[WhiteFideId "1802640"]
[BlackFideId "1529153"]
[EventDate "2016.07.23"]

1. d4 Nf6 2. c4 c5 3. d5 b5 4. cxb5 a6 5. bxa6 g6 6. Nc3 Bg7 7. e4 O-O 8. e5 Ne8
9. Nf3 d6 10. Bf4 f6 11. e6 Bxa6 12. Qd2 Bxf1 13. Kxf1 Na6 14. g3 Nec7 15. Kg2
f5 16. Bh6 Bxh6 17. Qxh6 Ne8 18. h4 Nf6 19. h5 gxh5 20. Qg5+ Kh8 21. Qxf5 Qe8
22. Ng5 Qg6 23. Nf7+ Kg8 24. Qg5 Kg7 25. Rh4 Qxg5 26. Nxg5 Kg6 27. Nge4 Nxe4 28.
Rxe4 Nb4 29. g4 hxg4 30. Rxg4+ Kh5 31. f3 Rf5 32. Rh1# 1-0

[Event "Xtracon Chess Open 2016"]
[Site "Helsingor DEN"]
[Date "2016.07.24"]
[Round "2.192"]
[White "Opseth, Erik"]
[Black "Andersen, Johnny"]
[Result "0-1"]
[WhiteElo "1064"]
[BlackElo "1740"]
[WhiteFideId "1524780"]
[BlackFideId "1410610"]
[EventDate "2016.07.23"]

1. d4 Nf6 2. c4 c5 3. Nc3 cxd4 4. Qxd4 g6 5. Nf3 Bg7 6. Qd2 O-O 7. h3 Nc6 8. e3
b6 9. Be2 Bb7 10. O-O e6 11. Rd1 Ne7 12. Qc2 Qc8 13. Nb5 d5 14. Nd6 Qc6 15. Nxb7
Qxb7 16. c5 Rac8 17. b4 bxc5 18. bxc5 Ne4 19. Rb1 Qc7 20. Bb2 Qxc5 21. Qxc5 Rxc5
22. Bxg7 Kxg7 23. Ne5 Rfc8 24. Rb7 R8c7 25. Nd7 Rxb7 26. Nxc5 Nxc5 27. Bf3 Rb2
28. Rc1 Nd3 29. Rc7 Nf5 30. e4 Nh4 31. Bg4 dxe4 32. Bxe6 Rxf2 33. Rxf7+ Rxf7 34.
Bxf7 Kxf7 0-1

[Event "Xtracon Chess Open 2016"]
[Site "Helsingor DEN"]
[Date "2016.07.24"]
[Round "2.194"]
[White "Mansoor, Areeb"]
[Black "Petersen, Rasmus"]
[Result "0-1"]
[WhiteElo "1020"]
[BlackElo "1730"]
[WhiteFideId "1535870"]
[BlackFideId "1448250"]
[EventDate "2016.07.23"]

1. e4 d5 2. exd5 Qxd5 3. Nc3 Qa5 4. Bb5+ c6 5. Bc4 Nf6 6. Nf3 Bf5 7. d3 e6 8.
Bf4 Nbd7 9. O-O Be7 10. a3 O-O 11. b4 Qd8 12. Nd2 Nd5 13. Bxd5 cxd5 14. Qf3 Rc8
15. Ne2 Rxc2 16. Qg3 Nf6 17. Nd4 Nh5 18. Qe3 Nxf4 19. Qxf4 Bg5 20. Qf3 Rxd2 21.
Nxf5 exf5 22. Qxf5 g6 23. Qf3 Re8 24. Rfe1 Rxe1+ 25. Rxe1 Qf6 26. Qxf6 Bxf6 27.
h3 Bd4 28. Rf1 Rxd3 29. a4 Rd2 30. Kh2 Bxf2 31. Rc1 h5 32. Rc7 h4 33. Rxb7 Bg3+ 0-1

[Event "Xtracon Chess Open 2016"]
[Site "Helsingor DEN"]
[Date "2016.07.24"]
[Round "3.1"]
[White "Haubro, Martin"]
[Black "Granda Zuniga, Julio E"]
[Result "0-1"]
[WhiteTitle "FM"]
[BlackTitle "GM"]
[WhiteElo "2370"]
[BlackElo "2699"]
[WhiteFideId "1414291"]
[BlackFideId "3800024"]
[EventDate "2016.07.23"]

1. e4 c6 2. d4 d5 3. exd5 cxd5 4. c4 Nf6 5. Nc3 e6 6. Nf3 Bb4 7. cxd5 Nxd5 8.
Bd2 O-O 9. Bd3 Bxc3 10. bxc3 Nd7 11. c4 N5f6 12. O-O b6 13. a4 Bb7 14. Qe2 Qc7
15. Rfe1 Rfd8 16. Bc3 Rac8 17. Bb2 a5 18. h3 Nf8 19. Ne5 Ng6 20. Nxg6 hxg6 21.
Qe5 Qxe5 22. Rxe5 Nd7 23. Re3 Ba6 24. Rc1 Rc6 25. Bf1 Rdc8 26. Rec3 Nf6 27. f3
g5 28. R1c2 Nh5 29. Kf2 f5 30. g4 fxg4 31. hxg4 Nf4 32. Rc1 Kf7 33. Ba3 Rh8 34.
Kg1 Rd8 35. Rd1 Nd5 36. Rcc1 Ne3 37. Re1 Nxf1 0-1